[Event "IECG L1.2000.0.00016 email"]
[Site "IECG email"]
[Date "2000.08.14"]
[Round "?"]
[White "Baer, Werner"]
[Black "Syed Muhammad, Nayeem"]
[Result "1-0"]
[WhiteElo "2136"]
[BlackElo "1800"]
[PlyCount "39"]
[EventDate "2000.08.14"]
[EventType "tourn (corr)"]
[EventRounds "14"]
[SourceTitle "Corr 2008"]
[Source "ChessBase"]
[SourceDate "2008.06.24"]
[SourceVersion "1"]
[SourceVersionDate "2008.06.24"]
[SourceQuality "1"]

1. e4 e6 2. d4 d5 3. e5 c5 4. c3 Nc6 5. Be3 Nge7 6. Bd3 Ng6 7. Nf3 Be7 8. Nbd2 cxd4 9. cxd4 Bb4 10. Rc1 0-0 11. 0-0 f5 12. Ng5 h6 13. Ngf3 Ngxe5 14. dxe5 d4 15. Bf4 g5 16. Qa4 gxf4 17. Rxc6 Bd7 18. Qxb4 Bxc6 19. Bc4 Qe7 20. Qxe7 1-0

[Event "IECG L1.2000.0.00016 email"]
[Site "IECG email"]
[Date "2000.08.14"]
[Round "?"]
[White "Hardy, David G"]
[Black "Syed Muhammad, Nayeem"]
[Result "1-0"]
[WhiteElo "2159"]
[BlackElo "1800"]
[PlyCount "33"]
[EventDate "2000.08.14"]
[EventType "tourn (corr)"]
[EventRounds "14"]
[SourceTitle "Corr 2008"]
[Source "ChessBase"]
[SourceDate "2008.06.24"]
[SourceVersion "1"]
[SourceVersionDate "2008.06.24"]
[SourceQuality "1"]

1. e4 e6 2. d4 d5 3. Nc3 Bb4 4. e5 c5 5. dxc5 Bxc5 6. Qg4 Bf8 7. Nf3 g6 8. Bd2 Bg7 9. Nb5 Bf8 10. Bc3 a6 11. Nd6+ Bxd6 12. exd6 f6 13. Qf4 Nd7 14. 0-0-0 h6 15. Qg3 Kf7 16. Bd3 Nf8 17. Rhe1 1-0

[Event "IECG L1.2000.0.00016 email"]
[Site "IECG email"]
[Date "2000.08.14"]
[Round "?"]
[White "Syed Muhammad, Nayeem"]
[Black "Kresz, Laszlo"]
[Result "0-1"]
[WhiteElo "1800"]
[BlackElo "1914"]
[PlyCount "38"]
[EventDate "2000.08.14"]
[EventType "tourn (corr)"]
[EventRounds "14"]
[SourceTitle "Corr 2008"]
[Source "ChessBase"]
[SourceDate "2008.06.24"]
[SourceVersion "1"]
[SourceVersionDate "2008.06.24"]
[SourceQuality "1"]

1. d4 e6 2. c4 Nf6 3. Nc3 c5 4. e3 d5 5. Bd3 dxc4 6. Bxc4 a6 7. Nge2 Nc6 8. 0-0 b5 9. Bb3 Bb7 10. a4 b4 11. Nb1 Rc8 12. Nd2 cxd4 13. Nc4 dxe3 14. Bxe3 Be7 15. Nf4 0-0 16. Qe2 Qc7 17. Nh3 Nd5 18. Bg5 Nd4 19. Qd3 Nxb3 0-1

[Event "IECG L1.2000.0.00016 email"]
[Site "IECG email"]
[Date "2000.08.14"]
[Round "?"]
[White "Syed Muhammad, Nayeem"]
[Black "Ros, Antonio"]
[Result "0-1"]
[WhiteElo "1800"]
[BlackElo "2165"]
[PlyCount "40"]
[EventDate "2000.08.14"]
[EventType "tourn (corr)"]
[EventRounds "14"]
[SourceTitle "Corr 2008"]
[Source "ChessBase"]
[SourceDate "2008.06.24"]
[SourceVersion "1"]
[SourceVersionDate "2008.06.24"]
[SourceQuality "1"]

1. d4 Nf6 2. c4 g6 3. Nc3 d5 4. e3 Bg7 5. Bd3 0-0 6. f4 c5 7. Nf3 cxd4 8. exd4 Nc6 9. a3 Bg4 10. Be3 Bxf3 11. gxf3 dxc4 12. Bxc4 e6 13. Qd2 Re8 14. 0-0-0 Rc8 15. Bb3 Na5 16. Bc2 Nd5 17. Qd3 Qb6 18. Nxd5 exd5 19. Kb1 Nc4 20. Bc1 Re3 0-1

[Event "IECG L1.2000.0.00016 email"]
[Site "IECG email"]
[Date "2000.08.14"]
[Round "?"]
[White "Syed Muhammad, Nayeem"]
[Black "Vujadinovic, Milan"]
[Result "0-1"]
[WhiteElo "1800"]
[BlackElo "2071"]
[PlyCount "58"]
[EventDate "2000.08.14"]
[EventType "tourn (corr)"]
[EventRounds "14"]
[SourceTitle "Corr 2008"]
[Source "ChessBase"]
[SourceDate "2008.06.24"]
[SourceVersion "1"]
[SourceVersionDate "2008.06.24"]
[SourceQuality "1"]

1. d4 d5 2. c4 c6 3. Nc3 Nf6 4. e3 e6 5. Bd3 Nbd7 6. f4 dxc4 7. Bxc4 c5 8. Nf3 cxd4 9. Nxd4 Bc5 10. Nce2 0-0 11. 0-0 e5 12. Nf3 Qc7 13. Qc2 exf4 14. b4 Bb6 15. Ng5 Ne5 16. Rxf4 h6 17. Nf3 Nd5 18. Rh4 Nxe3 19. Bxe3 Bxe3+ 20. Kh1 Nxf3 21. gxf3 Qd8 22. Rh5 Qf6 23. Rf1 Bg4 24. Ng3 Bxf3+ 25. Rxf3 Qxf3+ 26. Qg2 Qxg2+ 27. Kxg2 Rac8 28. Bd3 Rfd8 29. Be4 Bg5 0-1